Freguesias de Matosinhos - Statistics

Estatísticas Gerais
  • Esse quiz foi jogado 24 vezes
  • A pontuação média é 8 de 10
Estatísticas das Respostas
Número Resposta % Correto
4 Leça da Palmeira
100%
5 Leça do Balio
100%
6 Matosinhos
100%
3 Lavra
78%
9 São Mamede de Infesta
78%
10 Senhora da Hora
78%
7 Perafita
67%
2 Guifões
56%
8 Santa Cruz do Bispo
56%
1 Custóias
44%
Nenhum quiz correspondente encontrado
Distribuição das Pontuações
Porcentagem de Pessoas com Cada Pontuação
Percentil de Números Respondidos
Sua Pontuação Histórica
Você não jogou esse quiz